| 000 | 00692cam a22002411 4500 | ||
|---|---|---|---|
| 001 | 8810532 | ||
| 003 | OSt | ||
| 005 | 20230703103645.0 | ||
| 008 | 721130s1946 xx 000 0 eng | ||
| 010 | _a 46004336 | ||
| 035 | _a(OCoLC)504489 | ||
| 040 |
_aDLC _cODaWU _dDLC |
||
| 050 | 0 | 0 |
_aJV1085 _b.W5 |
| 082 |
_a351 _bWIG |
||
| 100 | 1 | _aWight, Martin. | |
| 245 | 1 | 4 | _aThe development of the legislative council, 1606-1945. |
| 260 |
_aLondon, _bFaber & Faber limited _c[1946] |
||
| 300 | _a187 p. | ||
| 440 | 0 |
_aStudies in colonial legislatures, _vv.1 |
|
| 650 | 0 |
_aLegislative bodies _zGreat Britain _xColonies. |
|
| 906 |
_a7 _bcbc _coclcrpl _du _encip _f19 _gy-gencatlg |
||
| 942 |
_2ddc _cBK |
||
| 999 |
_c3213 _d3213 |
||